Statystyki dla 40 Najszczęśliwszych Krajów Według World Happiness Report

Kliknij tutaj aby rozwiązać quiz!

Ogólne statystyki

  • Ten quiz został rozwiązany 351 razy
  • Średni wynik to 26 z 40

Statystyki odpowiedzi

PozycjaNazwa Kraju% Poprawnych
40Polska
97%
19Stany Zjednoczone
96%
17Niemcy
94%
3Norwegia
94%
7Szwecja
94%
9Kanada
93%
1Finlandia
92%
30Hiszpania
91%
36Włochy
89%
2Dania
85%
24Francja
85%
15Wielka Brytania
85%
11Australia
83%
5Holandia
80%
32Brazylia
79%
20Czechy
79%
6Szwajcaria
79%
4Islandia
78%
23Meksyk
78%
10Austria
76%
18Belgia
76%
38Słowacja
76%
16Irlandia
73%
14Luksemburg
68%
8Nowa Zelandia
67%
26Chile
53%
21Zjednoczone Emiraty Arabskie
47%
28Arabia Saudyjska
42%
13Izrael
42%
22Malta
42%
29Katar
41%
34Singapur
38%
33Urugwaj
33%
31Panama
31%
37Bahrajn
26%
25Tajwan
25%
12Kostaryka
23%
27Gwatemala
17%
35Salwador
14%
39Trynidad i Tobago
3%

Rozkład punktacji

Percentyl według liczby udzielonych odpowiedzi

Procent ludzi z każdym wynikiem

Twoja historia wyników

Nie rozwiązałeś tego quizu